| 000 | 00813nam a2200205 a 4500 | ||
|---|---|---|---|
| 001 | BRCA_553 | ||
| 005 | 20190320203047.0 | ||
| 008 | 831011s2000----ag-a---##b---#001-0#spa-# | ||
| 020 | _a9506120404 | ||
| 050 | 4 |
_aNA5811.C6 _b.I35 _c2000 |
|
| 245 | 1 | 0 | _aIglesia y convento de San Francisco de Córdoba. |
| 260 |
_aCórdoba _bAcademia Nacional de Bellas Artes : Gobierno de la Provincia de Córdoba _c2000 |
||
| 300 |
_a200 p. _bil. (algunas a color) _c27 cm. |
||
| 440 | 0 |
_aPatrimonio artístico nacional : inventario de bienes muebles _91831 |
|
| 500 | _aIncluye índice de nombres, temas, firmas y materias, índice geográfico e índice de objetos | ||
| 650 | 1 | 4 |
_aArte argentino _91832 |
| 650 | 1 | 4 |
_aArte colonial _zArgentina _91833 |
| 710 | 2 |
_aAcademia Nacional de Bellas Artes (Argentina) _91910 |
|
| 942 |
_2lcc _cB |
||
| 999 |
_c484 _d484 |
||